书目信息 |
| 题名: |
矿山废料胶结充填
|
|
| 作者: | 周爱民 编著 | |
| 分册: | ||
| 出版信息: | 北京 冶金工业出版社 2007.01 |
|
| 页数: | 216页 | |
| 开本: | 26cm | |
| 丛书名: | ||
| 单 册: | ||
| 中图分类: | TD853.34 | |
| 科图分类: | ||
| 主题词: | 矿山--kuang shan--废料--胶结充填法 | |
| 电子资源: | ||
| ISBN: | 7-5024-4113-1 | |
| 000 | 00806nam0 2200229 450 | |
| 001 | 012007365492 | |
| 005 | 20071011104023.62 | |
| 010 | @a7-5024-4113-1@dCNY45.00 | |
| 100 | @a20070815d2007 km y0chiy0120 ea | |
| 101 | 0 | @achi |
| 102 | @aCN@b110000 | |
| 105 | @aak a 000yy | |
| 200 | 1 | @a矿山废料胶结充填@Akuang shan fei liao jiao jie chong tian@f周爱民编著@Fzhou ai min bian zhu |
| 210 | @a北京@c冶金工业出版社@d2007.01 | |
| 215 | @a216页@c图@d26cm | |
| 320 | @a有书目 (第216页)。 | |
| 330 | @a本书结合矿山废石、尾砂和赤泥三大金属矿山的固体废料源,重点阐述了矿山废石胶结充填、尾砂胶结充填和赤泥胶结充填的应用及其充填体作用机理等。 | |
| 606 | 0 | @a矿山@Akuang shan@x废料@x胶结充填法 |
| 690 | @aTD853.34@v4 | |
| 701 | 0 | @a周爱民@Azhou ai min@4编著 |
| 801 | 0 | @aCN@c20071011 |
| 905 | @dTD853.34@eZ754 | |
| 矿山废料胶结充填/周爱民编著.-北京:冶金工业出版社,2007.01 |
| 216页:图;26cm |
| ISBN 7-5024-4113-1:CNY45.00 |
| 本书结合矿山废石、尾砂和赤泥三大金属矿山的固体废料源,重点阐述了矿山废石胶结充填、尾砂胶结充填和赤泥胶结充填的应用及其充填体作用机理等。 |
| ● |
| 相关链接 |
|
|
|
正题名:矿山废料胶结充填
索取号:TD853.34/Z754
 
预约/预借
| 序号 | 登录号 | 条形码 | 馆藏地/架位号 | 状态 | 备注 |
| 1 | 254425 | 202544256 | 自科库501/501自科库 22排1列1层/ [索取号:TD853.34/Z754] | 在馆 | |
| 2 | 254426 | 202544265 | 期刊室512/501自科库 22排1列1层/ [索取号:TD853.34/Z754] | 在馆 |